Šanca pre malé a stredné podniky Ponuka udržiavať užitočné kontakty s partnermi v rámci Europartenariatu

Rozhovor s pracovníkom NAR MSP M. Volentom o pomoci pri nadväzovaní obchodných kontaktov malých a stredných podnikov v rámci programu Europartenariat. Účasť slovenských subjektov na Europartenariate. Konkrétne výhody pre slovenských podnikateľov. Organizovanie účasti slovenských firiem na medzinárod...

Descrizione completa

Salvato in:
Dettagli Bibliografici
Autore principale: Volent, M.
Altri autori: Marčáková, Z.
Natura: Capitolo di libro
Lingua:slovacco
Soggetti:
Tags: Aggiungi Tag
Nessun Tag, puoi essere il primo ad aggiungerne!!

MARC

LEADER 00000naa a2200000 4500
001 r017495
005 20221213100613.3
041 0 |a slo 
044 |a SK 
245 1 0 |a Šanca pre malé a stredné podniky  |b Ponuka udržiavať užitočné kontakty s partnermi v rámci Europartenariatu  |c M. Volent, Z. Marčáková 
520 |a Rozhovor s pracovníkom NAR MSP M. Volentom o pomoci pri nadväzovaní obchodných kontaktov malých a stredných podnikov v rámci programu Europartenariat. Účasť slovenských subjektov na Europartenariate. Konkrétne výhody pre slovenských podnikateľov. Organizovanie účasti slovenských firiem na medzinárodných fórach Europartenariatu. 
610 2 0 |a Europartenariat 
610 2 0 |a pomoc rozvojová 
610 2 0 |a Slovensko 
610 2 0 |a NARMSP Bratislava 
610 2 0 |a programy rozvojové 
610 2 0 |a podnikanie 
610 2 0 |a podnik malý 
610 2 0 |a podnik stredný 
100 1 |a Volent, M. 
700 1 |a Marčáková, Z.